Моделирование структур аттенюаторов на полевых транзисторах с минимальным изменением фазового сдвига при регулировании ослабления; Известия Томского политехнического университета [Известия ТПУ]; Т. 311, № 4 : Энергетика

Bibliografiske detaljer
Parent link:Известия Томского политехнического университета [Известия ТПУ]/ Томский политехнический университет (ТПУ).— , 2000-
Т. 311, № 4 : Энергетика.— 2007.— [С. 95-98]
Hovedforfatter: Стукач О. В. Олег Владимирович
Summary:Заглавие с титульного листа
Электронная версия печатной публикации
Рассмотрены управляемые аттенюаторы поглощающего типа на полевых транзисторах с затвором Шоттки: Т-образная, Т-образная мостовая схемы и аттенюатор на транзисторе в режиме с управляемой крутизной вольтамперной характеристики. Проведено моделирование фазочастотных характеристик аттенюаторов. Главное отличие схем от ранее известных заключается в введении корректирующих цепей, что обуславливает широкополосность и больший диапазон вносимых ослаблений с минимумом фазового сдвига при регулировании. Найдены оптимальные параметры корректирующих цепей в аттенюаторах. Показано, что наименьший фазовый сдвиг обеспечивается в аттенюаторе на транзисторе в режиме с управляемой крутизной вольтамперной характеристики. Дана сравнительная оценка рассмотренных базовых структур.
Sprog:russisk
Udgivet: 2007
Serier:Энергетика
Fag:
Online adgang:http://www.lib.tpu.ru/fulltext/v/Bulletin_TPU/2007/v311/i4/21.pdf
Format: MixedMaterials Electronisk Book Chapter
KOHA link:https://koha.lib.tpu.ru/cgi-bin/koha/opac-detail.pl?biblionumber=172636

MARC

LEADER 00000nla2a2200000 4500
001 172636
005 20231031164332.0
035 |a (RuTPU)RU\TPU\book\187208 
035 |a RU\TPU\book\187165 
090 |a 172636 
100 |a 20091215d2007 k y0rusy50 ca 
101 0 |a rus 
102 |a RU 
135 |a drnn ---uucaa 
181 0 |a i  
182 0 |a b 
200 1 |a Моделирование структур аттенюаторов на полевых транзисторах с минимальным изменением фазового сдвига при регулировании ослабления  |b Электронный ресурс  |f О. В. Стукач 
203 |a Текст  |c электронный 
215 |a 1 файл (278 Кб) 
225 1 |a Энергетика 
230 |a Электронные текстовые данные (1 файл : 278 Кб) 
300 |a Заглавие с титульного листа 
300 |a Электронная версия печатной публикации 
320 |a [Библиогр.: с. 98 (3 назв.)] 
330 |a Рассмотрены управляемые аттенюаторы поглощающего типа на полевых транзисторах с затвором Шоттки: Т-образная, Т-образная мостовая схемы и аттенюатор на транзисторе в режиме с управляемой крутизной вольтамперной характеристики. Проведено моделирование фазочастотных характеристик аттенюаторов. Главное отличие схем от ранее известных заключается в введении корректирующих цепей, что обуславливает широкополосность и больший диапазон вносимых ослаблений с минимумом фазового сдвига при регулировании. Найдены оптимальные параметры корректирующих цепей в аттенюаторах. Показано, что наименьший фазовый сдвиг обеспечивается в аттенюаторе на транзисторе в режиме с управляемой крутизной вольтамперной характеристики. Дана сравнительная оценка рассмотренных базовых структур. 
337 |a Adobe Reader 
461 1 |0 (RuTPU)RU\TPU\book\176237  |t Известия Томского политехнического университета [Известия ТПУ]  |f Томский политехнический университет (ТПУ)  |d 2000- 
463 1 |0 (RuTPU)RU\TPU\book\187129  |x 1684-8519  |t Т. 311, № 4 : Энергетика  |v [С. 95-98]  |d 2007  |p 158 с. 
610 1 |a моделирование 
610 1 |a аттенюаторы 
610 1 |a полевые транзисторы 
610 1 |a фазовые сдвиги 
610 1 |a затвор Шоттки 
610 1 |a мостовые схемы 
610 1 |a вольтамперные характеристики 
610 1 |a фазочастотные характеристики 
610 1 |a корректирующие цепи 
610 1 |a широкополосность 
610 1 |a ослабления 
610 1 |a оптимальные параметры 
610 1 |a сравнительная оценка 
610 1 |a базовые структуры 
610 1 |a труды учёных ТПУ 
610 1 |a электронный ресурс 
700 1 |a Стукач  |b О. В.  |c специалист в области информатики и вычислительной техники  |c профессор Томского политехнического университета, доктор технических наук  |f 1966-  |g Олег Владимирович  |2 stltpush  |3 (RuTPU)RU\TPU\pers\28991 
801 1 |a RU  |b 63413507  |c 20090623  |g PSBO 
801 2 |a RU  |b 63413507  |c 20211116  |g PSBO 
856 4 |u http://www.lib.tpu.ru/fulltext/v/Bulletin_TPU/2007/v311/i4/21.pdf 
942 |c CF